Weber State Basketball: Top 10 All-Time Leaders - Statistics

General Stats
  • This quiz has been taken 34 times
    2 since last reset
  • The average score is 7 of 90
Answer Stats
Category # Player Amount % Correct
Games 7 Cody John 129
50%
Points 4 Damian Lillard 1,934
50%
Assists 3 Damian Lillard 362
50%
Steals 7 Damian Lillard 129
50%
Three Pointers Made 3 Damian Lillard 246
50%
Points Per Game 6 Damian Lillard 18.6
50%
Points 5 Dillon Jones 1,782
50%
Rebounds 3 Dillon Jones 1,138
50%
Assists 2 Dillon Jones 412
50%
Steals 1 Dillon Jones 208
50%
Points 1 Jerrick Harding 2,266
50%
Steals 6 Jerrick Harding 130
50%
Three Pointers Made 6 Jerrick Harding 213
50%
Points Per Game 7 Jerrick Harding 18.6
50%
Rebounds 9 Al DeWitt 727
0%
Three Pointers Made 8 Alex Fisher 176
0%
Points Per Game 9 Al Hamilton 17.3
0%
Points Per Game 3 Bob Davis 19.7
0%
Blocks T6 Brekkot Chapman 100
0%
Points 3 Bruce Collins 2,019
0%
Rebounds 5 Bruce Collins 873
0%
Steals 3 Damien Baskerville 172
0%
Blocks T6 Darin Mahoney 100
0%
Games 10 Darin Mahoney 123
0%
Field Goal Percent 7 David Johnson 50.6%
0%
Blocks 9 Daviin Davis 94
0%
Points Per Game 10 Davion Berry 17.1
0%
Assists 5 Eddie Gill 344
0%
Steals 2 Eddie Gill 178
0%
Steals 8 Elroy Miller 116
0%
Field Goal Percent 6 Harold Arceneaux 51.1%
0%
Points Per Game 1 Harold Arceneaux 22.6
0%
Points 2 Jeremy Senglin 2,078
0%
Assists 4 Jeremy Senglin 345
0%
Steals 10 Jeremy Senglin 110
0%
Three Pointers Made 1 Jeremy Senglin 345
0%
Games 9 Jeremy Senglin 124
0%
Points 7 Jermaine Boyette 1,613
0%
Assists 10 Jermaine Boyette 294
0%
Steals 4 Jermaine Boyette 171
0%
Field Goal Percent 10 Jermaine Boyette 50.0%
0%
Points Per Game 5 Jermaine Boyette 19.0
0%
Points 9 Jimmie Watts 1,553
0%
Rebounds 4 Jimmie Watts 949
0%
Field Goal Percent 9 Jimmie Watts 50.1%
0%
Points 6 Jimmy DeGraffenried 1,624
0%
Three Pointers Made 7 Jimmy DeGraffenried 196
0%
Field Goal Percent 4 Jimmy DeGraffenried 51.6%
0%
Points 10 Joel Bolomboy 1,484
0%
Rebounds 1 Joel Bolomboy 1,312
0%
Blocks 1 Joel Bolomboy 178
0%
Games T5 Joel Bolomboy 130
0%
Three Pointers Made 4 John Hamilton 241
0%
Assists 8 John Price 303
0%
Assists 9 Jordan Richardson 300
0%
Three Pointers Made 9 Jordan Richardson 152
0%
Games 3 Jordan Richardson 132
0%
Field Goal Percent 5 Justus Thigpen 51.4%
0%
Points Per Game 8 Justus Thigpen 17.6
0%
Games 1 KJ Cunningham 139
0%
Three Pointers Made 10 Kyle Bullinger 151
0%
Blocks 4 Kyle Tresnak 125
0%
Games 4 Kyle Tresnak 131
0%
Rebounds 8 Kyndahl Hill 733
0%
Blocks 3 Kyndahl Hill 126
0%
Games T5 Kyndahl Hill 130
0%
Assists 1 Mark Mattos 642
0%
Blocks 5 Michal Kozak 104
0%
Games 2 Michal Kozak 134
0%
Assists 7 Richard Escandon 304
0%
Rebounds 7 Richard Smith 764
0%
Field Goal Percent 2 Richard Smith 53.6%
0%
Field Goal Percent 1 Rico Washington 58.5%
0%
Points Per Game 2 Rico Washington 21.0
0%
Assists 6 Robbie Johnson 325
0%
Steals 5 Robbie Johnson 156
0%
Rebounds 10 Royal Edwards 675
0%
Field Goal Percent 8 Royal Edwards 50.6%
0%
Steals 9 Ruben Nembhard 113
0%
Three Pointers Made 5 Ryan Richardson 235
0%
Three Pointers Made 2 Scott Bamforth 258
0%
Blocks 2 Shawn Campbell 133
0%
Blocks 10 Trevor Morris 89
0%
Points 8 Willie Sojourner 1,563
0%
Rebounds 2 Willie Sojourner 1,143
0%
Field Goal Percent 3 Willie Sojourner 51.7%
0%
Points Per Game 4 Willie Sojourner 19.3
0%
Rebounds 6 Zach Braxton 778
0%
Blocks 8 Zach Braxton 99
0%
Games 8 Zach Braxton 128
0%
No matching quizzes found
Score Distribution
Percent of People with Each Score
Percentile by Number Answered
Your Score History
You have not taken this quiz since the last reset